000 00306nam a2200109Ia 4500
008 171205s9999 xx 000 0 und d
020 _a9789715428019
100 _aJose, F. Sionil.
245 _cF. Sionil Jose
_aSelected Stories
260 _bUniversity of the Philippines Press
_c2016
300 _a257 pages
999 _c347351
_d347351